000 003770000a22001450004500
003 MACL
040 _aMACL
090 _c32416
_d32414
100 _aTracy, Brian
245 _aHire And Keep The Best People
_b21 Practical And Proven Techniquies You can Use Immediately
260 _bMagna Publication
_c2002
350 _a175
650 _aGeneralities
942 _cBOOK
_k001/Tra
999 _c32086
_d32086